Elektronická komercia na internete diplomová práca

Salvato in:
Dettagli Bibliografici
Autore principale: Čierna, Ivana
Ente Autore: Fakulta hospodárskej informatiky EU. Katedra aplikovanej informatiky
Altri autori: Závodný, Peter
Natura: Libro
Lingua:slovacco
Pubblicazione: Bratislava 2012
Tags: Aggiungi Tag
Nessun Tag, puoi essere il primo ad aggiungerne!!

MARC

LEADER 00000nbm a2200000 4500
001 0154988
005 20161109102158.6
041 0 |a slo 
044 |a SK 
245 1 0 |a Elektronická komercia na internete  |b diplomová práca  |c Ivana Čierna ; školiteľ: Peter Závodný 
264 1 |a Bratislava  |c 2012 
300 |a 72 s. 
100 1 |a Čierna, Ivana 
700 1 |a Závodný, Peter 
710 2 |a Fakulta hospodárskej informatiky EU. Katedra aplikovanej informatiky